Zachary Levi Movies - Statistics

General Stats
  • This quiz has been taken 17 times
    11 since last reset
  • The average score is 5 of 34
Answer Stats
Hint Answer % Correct
2023 Chicken Run: Dawn of the Nugget
86%
2023 Harold and the Purple Crayon
86%
2019 Shazam!
57%
2022 Shazam! Fury of the Gods
57%
2010 Tangled
29%
2017 Tangled: Before Ever After
29%
2017 The Star
29%
2009 Alvin and the Chipmunks: The Squekquel
14%
2021 American Underdog: The Kurt Warner Story
14%
2003 See Jane Date
14%
2008 Shades of Ray
14%
2017 Thor: Ragnarok
14%
2013 Thor: The Dark World
14%
2008 An American Carol
0%
2022 Apollo 10 1/2: A Space Age Childhood
0%
2006 Big Momma's House 2
0%
2002 Big Shot: Confessions of a Campus Bookie
0%
2018 Blood Fest
0%
2007 Imperfect Union
0%
2012 Let it Go
0%
2018 Office Uprising
0%
2021 Prisoner 760
0%
2017 Psych: The Movie
0%
2013 Remember Sunday
0%
2016 She Loves Me
0%
2007 Spiral
0%
TBD Spy Guys
0%
2009 Stuntmen
0%
2021 The Mauritanian
0%
TBD Unbreakable Boy
0%
TBD Undercover
0%
2001 Untitled Sisqo Project
0%
2012 VGHS: The Movie
0%
2008 Wieners
0%
No matching quizzes found
Score Distribution
Percent of People with Each Score
Percentile by Number Answered
Your Score History
You have not taken this quiz since the last reset